LIBRARY & INFORMATION CENTRE, KCAET, TAVANUR

ONLINE PUBLIC ACCESS CATALOGUE (OPAC)

The Water Framework Directive: Action Programmes and Adaption to Climate Change (Record no. 14560)

MARC details
000 -LEADER
fixed length control field 00384nam a22001337a 4500
020 ## - INTERNATIONAL STANDARD BOOK NUMBER
ISBN 9781849730532
082 ## - DEWEY DECIMAL CLASSIFICATION NUMBER
Classification number 623.83436
Item number QUE / WA
245 ## - TITLE STATEMENT
Title The Water Framework Directive: Action Programmes and Adaption to Climate Change
260 ## - PUBLICATION, DISTRIBUTION, ETC. (IMPRINT)
Place of publication Cambridge
Name of publisher RSC Publishing
Year of publication 2011
300 ## - PHYSICAL DESCRIPTION
Number of Pages 214
700 ## - ADDED ENTRY--PERSONAL NAME
Personal name Quevauviller,Philippe
700 ## - ADDED ENTRY--PERSONAL NAME
Personal name Borchers,Ulrich
942 ## - ADDED ENTRY ELEMENTS (KOHA)
Koha item type Books
Holdings
Withdrawn status Lost status Damaged status Collection code Home library Current library Shelving location Date acquired Source of acquisition Cost, normal purchase price Full call number Accession Number Koha item type
        KAUAET KAUAET General Stacks 16/07/2016 Southern Book Star, Tvm 13062.56 623.83436 QUE / WA 24543 Books
free website counter